[Event "Russian Team Championship"]
[Site "Dagomys"]
[Date "2007.05.02"]
[Round "1"]
[White "GM Morozevich, Alexander"]
[Black "GM Miton, Kamil"]
[Result "1-0"]
[WhiteElo "2762"]
[BlackElo "2653"]
[Annotator "Ëåáåäåâ Âàñèëèé "]
[PlyCount "61"]
[EventDate "2007.??.??"]

{Ìîðîçåâè÷ â óäàðå, â ñâî¸ì ðåïåðòóàðå! Íå çíàþ, íàñêîëüêî àêòóàëåí
äåáþòíûé âàðèàíò âñòðåòèâøèéñÿ â ýòîé, íî â òîì, ÷òî îí âïîëíå ãîëîâîëîìåí,
ÿ óâåðåí!} 1. d4 d5 2. c4 c6 3. Nc3 e6 4. Nf3 dxc4 5. e3 b5 6. a4 Bb4 7. Bd2 ({
Ïåðâûé èãðîê, êîìó ïîæåðòâîâàëè òóò ïåøêó íà ñ4, ðåàãèðîâàë íà èäåþ áåëûõ íå
âïîëíå àäåêâàòíî ;).  À èìåííî:} 7. Ne5 Bxc3+ $2 8. bxc3 Nf6 9. Ba3 $16 Bb7 10.
Rb1 (10. Qb1 $5) 10... Qa5 11. Bb4 (11. Qc2 $5) 11... Qc7 {
, è ïîñëå, âèäèìî, íåêîððåêòíîé æåðòâû} 12. Bxc4 $5 {, è ïîñëå, âèäèìî,
íåêîððåêòíîé æåðòâû 12.Bxc4!?, ÷¸ðíûå áûëè ñò¸ðòû ñ ëèöà çåìëè.} bxc4 13. Nxc4
Ba6 14. Nd6+ Kd8 15. c4 Ne8 16. Qd2 Qd7 17. Ne4 f5 18. Nc5 Qf7 19. Ba5+ Kc8 20.
O-O Nd6 21. Qb4 Nb7 22. d5 exd5 23. Nxb7 Qxb7 24. Qc3 Qe7 25. cxd5 Bxf1 26.
Kxf1 c5 27. g4 Nd7 28. gxf5 Rf8 29. Qd3 Rf6 30. e4 Rb8 31. Rd1 Ne5 32. d6 Qb7
33. Qc3 Qa6+ 34. Kg2 Nd7 35. e5 Qb7+ 36. Kf1 Qh1+ 37. Ke2 Qe4+ 38. Kf1 Qh1+ 39.
Ke2 Qe4+ 40. Kf1 Rxf5 41. e6 Qxe6 42. Bc7 Rb7 43. Qd3 Rxc7 44. Re1 Qf6 45. Qa6+
{
1-0 Blackburne,J-Gunsberg,I/Frankfurt 1887/HCL    Ñ òåõ ïîð ìíîãî âîäû óòåêëî
}) 7... Bb7 ({Ãîðàçäî ÷àùå (ïðèìåðíî â 7 ðàç!) âñòðå÷àëîñü -} 7... a5 {
.  Äóìàåòñÿ ìíå, ÷òî ïîëüñêèé ãðîññìåéñòåð ðåøèë «âûëîâèòü» ñîïåðíèêà íà
ïîäçàáûòûé âàðèàíò. Íó-íó...  Âûëîâèòü Ìîðîçåâè÷à? Õà! Ýòà âñ¸ ðàâíî, ÷òî
ïîéòè íà ðûáàëêó çà êàðàñèêîì, à âûòàùèòü àêóëó!}) 8. b3 a5 ({Åñëè} 8... cxb3 $2
{, òî 9.Qxb3 Bxc3 10.Bxc3 a6 11.d5!} 9. Qxb3 Bxc3 10. Bxc3 a6 11. d5 $1 $40 {
(Knaak).}) 9. Ne4 {'?' Knaak.} ({
Ñ÷èòàëîñü (ñ÷èòàåòñÿ? ÿâëÿåòñÿ íà ñàìîì äåëå?), ÷òî ëó÷øå} 9. bxc4 $1 Bxc3
(9... bxc4 10. Bxc4 $16 {><<<}) 10. Bxc3 b4 11. Bb2 $16 {
(Knaak). Îäíàêî, òîãäà áû íå ïîëó÷èëàñü áû «ïðèêîëüíîé ïàðòèè» (Òðàêòàòîð).}
) 9... f5 {'!' Knaak.} 10. Nc5 $1 $146 {Òîëüêî âïåð¸ä!} ({
Â ïàðòèè-ïåðâîèñòî÷íèêå áûëî ñûãðàíî} 10. Neg5 $4 c3 11. Nxe6 Qe7 $19 {
, è äàëüøå íåèíòåðåñíî, íî â ýòîì ôîðìàòå ìîæíî è ïîñìîòðåòü:} 12. Nf4 cxd2+
13. Nxd2 Nf6 14. Bd3 Bxd2+ 15. Qxd2 Ne4 16. Qc2 O-O 17. O-O Nd6 18. axb5 cxb5
19. Bxb5 Nxb5 20. Qc4+ Qf7 21. Qxb5 g5 22. Nh3 Qd5 23. Qxd5+ Bxd5 24. Nxg5 Nd7
25. f3 Bxb3 26. e4 h6 27. Nh3 fxe4 28. fxe4 Rxf1+ 29. Kxf1 a4 30. Ke2 Rd8 31.
Kd3 Nb8 32. d5 Na6 33. Kd4 Nb4 {
0-1 Kasparian,G-Kirillov,V/Moscow 1931/URS-ch/[Knaak]}) ({Íåâàæíî è} 10. Nc3
Bxc3 11. Bxc3 b4 12. Bd2 c3 $17 {(Knaak).}) 10... c3 ({
Íàâåðíîå, òîëüêî «êîìï» è ìîæåò ïðåäëîæèòü (äà è òî âî âòîðîé ëèíèè) ðàçìåí} 
10... Bxc5 11. dxc5 {, ïîñëå ÷åãî âñÿ ïåøå÷íàÿ êîíñòðóêöèÿ ÷¸ðíûõ íà
ôåðçåâîì ôëàíãå ãîòîâà ðóõíóò îò ìàëåéøåãî äóíîâåíèÿ âåòåðêà. Íî íå áóäåì
ñïåøèòü ñ âûâîäàìè, ïîäîæä¸ì åù¸ ïàðòèé íà ýòó òåìó.}) 11. Nxb7 Qe7 12. Nc5 e5
$1 {Âèäèìî, ëó÷øåå, ïîòîìó ÷òî «íàãíåòàþùåå».} ({Ïîïûòêà ÷¸ðíûõ âçÿòü è
âñ¸ óïðîñòèòü, ñîõðàíÿÿ ëèøíèé ìàòåðèàë, ìîãëà ïðèâåñòè ê ñëåäóþùåìó:} 12...
cxd2+ 13. Nxd2 Bxc5 14. dxc5 Qxc5 15. Rc1 Qb4 16. axb5 cxb5 $4 ({Êîíå÷íî, ÷¸ðíûå íå 
îáÿçàíû ïðîèãðûâàòü òàê áûñòðî è ñêó÷íî, îíè «ìîãóò» ñäåëàòü ýòî è
ïî-äðóãîìó:} 16... Ne7 17. Rc4 Qxb5 18. Qa1 $3 {ñ èäååé} O-O $2 19. Rg4) 17.
Rc8+ Kf7 18. Qf3 $18) 13. Be2 $6 {Áåëûå, ðàçóìååòñÿ, âîâñå íå æàæäóò óïðîùåíèé,
} ({, âîçìîæíûõ ïîñëå êîðÿâî-êîìïüþòåðíîãî} 13. Qe2 $5 cxd2+ (13... e4 14. Bc1
$1) 14. Nxd2 {è ò.ä.  Îíè æåðòâóþò ñàìè! Ïîïóòíî, «íåïðèíóæä¸ííî»
ðàçâèâàÿñü. Íî, êàæåòñÿ, âñ¸ æå ýòî áûëî èçëèøíå ñìåëîå ðåøåíèå.}) 13... e4 14.
O-O ({Íàçàä äîðîãè óæå íå áûëî:} 14. Bxc3 $5 exf3 15. Bxb4 ({èëè} 15. Qd3 $5
Bxc3+ 16. Qxc3 b4 17. Qc2 fxe2 18. Qxf5 Nd7) 15... fxe2 16. Kxe2 axb4 17. axb5
Rxa1 18. Qxa1 Nf6 $1 {- áåëûì íåóþòíî...}) 14... exf3 15. Bxf3 cxd2 16. axb5 {
Çà ôèãóðó ó Àëåêñàíäðà ïîêà îäíà ëèøü ïåøêà, íî, âî-ïåðâûõ, ýòà ïåøêà ñòðåìèòñÿ 
âñ¸ âûøå è âûøå, è, âî-âòîðûõ, ñèëû ÷¸ðíûõ â ñàìîå áëèæàéøåå âðåìÿ áóäóò
óìåíüøåíû åù¸ íà îäíó áîåâóþ åäèíè÷êó.} Nf6 17. bxc6 Ra7 $6 {
Êîãäà åù¸, êàê íå â ïàðòèè ñ Ìîðîçåâè÷åì ñäåëàòü ýòîò õîä! ;)} ({
Íî, âèäèìî, ýòî - íåòî÷íîñòü. Ñèëüíåå} 17... Na6 {È åñëè} 18. c7 {
(äðóãîãî íå âèäíî...), òî} Nxc5 19. Bxa8 Kf7 $1 20. Qf3 (20. dxc5 Rxa8) 20...
Ne6 21. Bd5 Qd7 {, è ñêëàäûâàåòñÿ îùóùåíèå, ÷òî ïåøêà íà d2, ïî êðàéíåé ìåðå,
ñòðàõóåò ÷åðíûõ îò íåïðèÿòíîñòåé.}) 18. Nd3 $1 {
À òåïåðü - âñ¸ «íîðìàëüíî». Ïî÷òè ðàâåíñòâî (ìàòåðèàëüíîå) è ïåðñïåêòèâû...}
O-O (18... Na6 $5) 19. Nxb4 Qxb4 20. Qc2 {È ïåøêà ãðîçèò áûñòðî, áûñòðî
ïðîñêî÷èòü â ôåðçè. Íó è íà f5 «ïðîâèñàåò» ìåæäó äåëîì.} Na6 ({
Ëàäüÿ íå êîíü, è ïîýòîìó - áëîêåð íå èç ëó÷øèõ, íàïðèìåð:} 20... Rc7 21. Qxf5
Rd8 (21... Rfc8 22. d5 Na6 23. Ra4 $1 Qxb3 24. Rd4 $16) (21... Qxb3 22. Qxa5)
22. Rxa5 Nxc6 23. Rc5 Rd6 24. Qc2 Qb6 25. Rd1 Nd7 26. Qc4+ Kh8 27. Rxd2 {
è ò.ä. Ñîãëàñèòåñü, ÷òî ñêó÷åííûå ÷¸ðíûå ôèãóðû îòíþäü íå ïðîèçâîäÿò
âïå÷àòëåíèÿ ìîãó÷åé êó÷êè. Óäàð íà ñ5, ðàçóìååòñÿ, íå ïðîõîäèò.(} Nxc5 28.
dxc5 $18 {)}) 21. Qxf5 Nc7 {Òåïåðü ïåðåä áåëîé «âûäâèæåíêîé» ðàñïîëîæèëñÿ
«íàñòîÿùèé» áëîêåð, òîëüêî âîò çà òî âðåìÿ, ÷òî îí ñêàêàë íà ïîëå ñ7, áåëûå
ñêóøàëè ïåøêó, à òåïåðü âîçâðàùàþòñÿ çà äîáàâêîé:} 22. Qc2 Rb8 23. Rfd1 Nfd5 (
{Åñëè} 23... Qxb3 {òî} 24. Qxd2 {
, è äâèæåíèå áåëîé ëàâèíû íå îñòàíîâèòü. Íàïðèìåð, íà} Rb6 $5 {ñëåäóåò} (24...
Nfd5 25. Rxa5) 25. Rac1 (25. Rxa5 $2 Rxa5 26. Qxa5 Rxc6 $1) 25... Nfd5 26. e4
Nb4 27. d5) 24. e4 {Ë,ä (ëàâèíà) òðîíóëñÿ (ïîøëà)...} Nc3 25. Rxd2 N7b5 $1 ({
Äóìàåòñÿ, íà} 25... Qxb3 {ïîñëåäîâàëî áû} 26. Qxb3+ ({ïîñëå} 26. d5 $5 {
íàäî ñîáëþäàòü îñòîðîæíîñòü, à íå òî ìîæíî è äîèãðàòüñÿ:} Qxc2 27. Rxc2 N3b5
28. Rd1 a4 29. d6 Nxd6 30. Rxd6 a3 31. Ra2 Nb5 {- îé!}) 26... Rxb3 27. d5 a4 {
- âûãëÿäèò åäèíñòâåííîé ðàçóìíîé ïîïûòêîé êîíòðèãðû.} 28. d6 a3 29. dxc7 ({
ñëàáåå} 29. d7 Ne6 30. d8=Q+ Nxd8 31. Rxd8+ Kf7 32. Bd1 Nxd1 33. Rdxd1 Ke7 {
è ò.ä.}) 29... Rxc7 30. e5 $1 {
è ÷åðåç ïàðó õîäîâ ÷¸ðíûå îêàçûâàþòñÿ â öóãöâàíãå: 3} Kf8 31. g3 Ke7 32. Kg2
{- áåëûå ãðîçÿò Rd3 è Bd1.} a2 (32... Ke6 33. Rd3) 33. Raxa2 (33. Kh3 Rb5 34.
Rc2 Rb3 35. Bg2 Ke6 36. f4) 33... Nxa2 34. Rxa2 Rb5 35. Re2 {
ýòî, êîíå÷íî æå, òåõíè÷åñêàÿ ïîçèöèÿ (ÈÌÕÎ).}) 26. Rc1 a4 $1 27. bxa4 Rxa4
28. Bg4 $6 {Íåòî÷íîñòü â ãîëîâîëîìíîé ïîçèöèè, è, íàâåðíîå, â öåéòíîòå (?).} (
{Çäåñü ñëåäîâàëî ïðèâåñòè â äâèæåíèå ñâîè ïåøêè} 28. d5 $1 {Íàïðèìåð, ïîñëå}
Nd4 {âîçìîæíî ñëåäóþùåå:} 29. Qd3 Nb3 {À)} 30. c7 $1 Rc8 31. d6 Nxc1 32. d7 $3
Rf8 $1 33. Qf1 $1 N3e2+ $1 34. Rxe2 Nxe2+ 35. Bxe2 Raa8 36. Bc4+ Kh8 37. Ba6
Rxa6 $1 {Óôô! Óñòàë «âîñêëèêè» ðàññòàâëÿòü! À ÷òî ïîäåëàòü? Íàäî!  Âîò òàê
«ïðîñòî» è «ïîíÿòíî». ;) Ó áåëûõ ëó÷øå!  Äàâíî ëè âû èãðàëè äâóìÿ
ôåðçÿìè? ;)}) ({Áîëåå ÷åëîâå÷åñêèì ;) âûãëÿäèò  (ïîñëå} 28. d5 Nd4 29. Qd3
Nb3 {) Á)} 30. Rb2 $5 Ne2+ (30... Nxc1 31. Rxb4 Rbxb4 (31... Raxb4 32. Qa6 $1 {
è ò.ä.}) 32. Qe3 $1 N1e2+ 33. Bxe2 Nxe2+ 34. Kf1 $1) 31. Bxe2 Nxc1 32. Rxb4
Raxb4 ({èëè} 32... Nxe2+ 33. Qxe2 Ra1+ 34. Qf1 Rxf1+ 35. Kxf1 Rxb4 36. c7 $18)
33. Qd2 $1 Nxe2+ 34. Kf1 $1 {È âïîëíå âåðîÿòíî, ÷òî çà êàæäóþ ïðîõîäíóþ
ïðîòèâíèêà ÷¸ðíûå îòäàäóò ïî ôèãóðó.}) ({Áîëåå óïîðíûì (ïîñëå} 28. d5 {
) êàæåòñÿ} Ra3 ({âìåñòî} 28... Nd4) {
- èçî âñåõ ñèë ïûòàÿñü íàëàäèòü «ëîøàäèíóþ» áëîêàäó.} 29. d6 $1 Nxd6 30. c7
({óæ ïðîñòèòå, íî ñêàæó, ÷òî «çàñëóæèâàåò âíèìàíèÿ» è} 30. e5 $5 Ndb5 31.
Rd7 {è ò.ä.}) 30... Rc8 31. e5 {Çäåñü íåîáõîäèìî îòìåòèòü, ÷òî «íå ïðîõîäèò»
} Rxc7 {èç-çà} 32. exd6 Ne2+ 33. Bxe2 Rxc2 34. Rdxc2 Qxd6 35. Rc8+ Kf7 36.
R1c7+ Kf6 37. Rc6 {è ò.ä.}) ({Ñëåäîâàòåëüíî (ïîñëå} 28. d5 Ra3 29. d6 Nxd6 30.
c7 Rc8 31. e5 {) , «îñòà¸òñÿ»} Ne8 32. Rd8 Rxc7 33. Rxe8+ Kf7 34. Rc8 $3 {
Îáà-íà! Åäèíñòâåííîå è íåïîâòîðèìîå!} Ne2+ 35. Qxe2 Rxc8 36. Bd5+ Ke7 37. Rd1 {
- è áåëûå èìåþò ïîëíîå ìîðàëüíîå ïðàâî ïîèãðàòü íà ïîáåäó}) 28... Qe7 $4 ({
Ïðîñòî æèçíåííî íåîáõîäèìî áûëî ñûãðàòü} 28... Ra3 $1) ({Èëè} 28... Qc4 {
, èçî âñåõ ñèë óäåðæèâàÿ êîíåâóþ ñâÿçêó....}) 29. Qb3+ Kf8 ({Íà} 29... Kh8 {
÷¸ðíûõ ãóáèò ñâÿçêà:} 30. Rxc3 $1 Ra1+ (30... Rb4 31. c7 $1) 31. Rd1 Rxd1+ 32.
Bxd1 Qxe4 33. Re3 $1 (33. Kf1 $5) 33... Qxc6 34. Be2 $1 {è äàëåå:} Qc1+ 35. Bf1
h6 36. Re5 Qc3 37. Qb1 {- õîäîâ â äàííîì âàðèàíòå ó ìåíÿ áîëüøå íåò. Õîòÿ íàäî
ïðèçíàòü, ÷òî âàðèàíò íå èç ïðîñòûõ...}) {
Íó, à ïîñëå õîäà â ïàðòèè, âñ¸ çàêàí÷èâàåòñÿ ìãíîâåííî:} 30. Rxc3 Ra3 (30...
Ra1+ 31. Rd1) 31. Rf3+ {, è ÷¸ðíûå ñäàëèñü.} 1-0

[Event "Russian Team Championship"]
[Site "Dagomys"]
[Date "2007.05.03"]
[Round "2"]
[White "GM Rublevsky, Sergei(RUS)"]
[Black "GM Morozevich, Alexander(RUS)"]
[Result "0-1"]
[WhiteElo "2680"]
[BlackElo "2762"]
[Annotator "Ëåáåäåâ Âàñèëèé"]
[PlyCount "72"]
[EventDate "2007.??.??"]

{«Âûðóáêà» ïåðâîé äîñêè ïðîäîëæàåòñÿ. Ñîïåðíèêè Àëåêñàíäðà Ìîðîçåâè÷à
ïðîäîëæàþò «ýêçàìåíîâàòü» åãî â ðåäêèõ äåáþòíûõ âàðèàíòàõ. Âñ¸ äóìàþò,
÷òî îí «ïîïàäåòñÿ». À îí íå «ïîïàäàåòñÿ», õîòü òû òðåñíè!} 1. e4 c6 2. d4
d5 3. e5 Bf5 4. Nd2 e6 5. Nb3 Nd7 6. Nf3 Qc7 (6... Ne7 7. Be2 h6 8. O-O Rc8 9.
c3 a6 10. g3 Bh7 11. h4 c5 12. Nxc5 Nxc5 13. dxc5 Rxc5 14. Qb3 Qd7 15. Be3 Rc8
16. c4 Be4 17. Nd2 Nf5 18. Nxe4 dxe4 19. Rfd1 Qc6 20. Bg4 Nxe3 21. Qxe3 Bc5 22.
Qe2 O-O 23. Bh3 e3 24. f4 Rfd8 25. Bg2 Qb6 26. Kf1 Rd4 27. b3 Rcd8 28. Rxd4
Rxd4 29. Rd1 Rxd1+ 30. Qxd1 Qa5 31. Qc2 b5 32. cxb5 Qxb5+ 33. Qc4 Qa5 34. Qc2
Qb4 35. Ke2 g5 36. hxg5 hxg5 37. Be4 Qd4 38. Qd3 Qb2+ 39. Qc2 Qd4 40. Qd3 Qb2+
41. Qc2 Qd4 {1/2-1/2 Rublevsky,S (2649)-Bareev,E (2715)/chessassistantclub.com
INT 2004/CBM 104 ext}) 7. Bd3 $146 Bg4 8. h3 Bxf3 {Èäåè «ïåðâîðàçðÿäíèêà»
×èãîðèíà æèâóò.. À êàê íàñ÷¸ò òîãî, ÷òîáû ïîáåæäàòü? Ïîñìîòðèì} 9. Qxf3 c5
10. dxc5 Bxc5 $1 {Îïÿòü ><èãîðèí...} 11. Nxc5 Nxc5 12. Bb5+ Nd7 13. O-O Ne7 14.
Bg5 Nf5 15. c4 $5 {Âèäèìî, ñëèøêîì ëèõî è ðåçêî ñûãðàíî.} ({
È ëó÷øå áûëî æåðòâîâàòü è ïîñïîêîéíåå, è ïîìåíüøå:} 15. Qa3 $5 Qxe5 16. Qa4
Qc7 17. Bf4 Qd8 18. Rad1 {è ò.ä.}) 15... h6 16. cxd5 {
Íà÷àëîñü! Ãîñïîäà îáîçðåâàòåëè, çàâîäèòå ìîòîðû! ;)} Nd4 $1 ({Ñëàáî} 16...
hxg5 17. dxe6 fxe6 18. Rac1 $1 Qb6 19. Qd3 $16) 17. Qd3 $5 {
Ðàççóäèñü ïëå÷î, ðàçìàõíèñü ðóêà...} ({Íî, ïîõîæå, ÷òî ëó÷øå áûëî} 17. Bxd7+
Qxd7 18. Qe4 Qxd5 ({èëè} 18... hxg5 19. Qxd4 Qxd5 20. Qe3 {, âûèãðûâàÿ ïåøêó})
19. Qxd5 exd5 20. Rfd1 ({ñëàáåå} 20. Be3 $6 Ne2+ 21. Kh2 d4 22. Rfe1 dxe3 23.
fxe3 Nc3 $1) 20... Nc6 21. Be3 Rd8 22. Bc5 {
, è ÷¸ðíûå ñòðàäàþò ñ èçîëÿòîðîì...}) 17... Nxb5 18. dxe6 {
Åù¸ îäèí õîä øàõìàòèñòà ñ äóøîé øèðîêîé, êàê Âîëãà.} ({Áîëåå ïåðñïåêòèâíûì è
ìåíåå âûçûâàþùèì êàæåòñÿ «êðîõîáîðñêîå» (íå áîëüøå îäíîé ïîæåðòâîâàííîé
ôèãóðû çà ïàðòèþ. Ñâåðõ òîãî - íè-íè, è íå óãîâàðèâàéòå)} 18. Bf4 $1 {
- êîíþ-òî ñêàêàòü íåêóäà!} Qb6 ({
çàùèòèì êîíÿ ïîíàä¸æíåå, ôåðçèêîì; âñ¸ îñòàëüíîå õóæå:} 18... a6 19. a4 Na7 20.
Rac1) ({èëè} 18... g5 19. Rac1 Qb6 20. Be3 {
- òðóäíî ÷¸ðíîìó ôåðçþ íàéòè çäåñü ìåñòî ïîä ñîëíöåì}) 19. dxe6 Nc5 ({ïëîõî
} 19... fxe6 20. Qg6+ Kf8 21. Rfd1) 20. exf7+ Kxf7 21. Qf5+ Kg8 22. Be3 Qe6 $1
{Íó, è åñòü «æåëåçíàÿ» íè÷üÿ:} 23. Qf3 (23. Qc2 $5) 23... Qxe5 24. Bxc5 Qxc5
25. Rac1 Qb6 26. Qd5+) 18... hxg5 19. exf7+ Kf8 20. e6 {
Êàæåòñÿ, çäåñü óæå ó áåëûõ íåò íîðìàëüíûõ ïðîäîëæåíèé.} ({Íàïðèìåð,} 20. Qxb5
Nxe5 21. Rfe1 Nxf7 (21... Nc6 $6) 22. Rac1 Qb6 23. Qd7 Rh6 $1 24. Rc7 Rf6 25.
Re2 (25. Rxb7 $4 Qxf2+) 25... Rb8 (25... Qd6 26. Rxb7) 26. Kh1 Rd8 27. Qe7+ Kg8
28. Rxb7 Qd4 29. f3 g4 $1 30. Rb4 Qd1+ 31. Re1 g3 $1 32. Rg4 Rxf3 $1 {è ò.ä.})
20... Nc5 21. Qxb5 Nxe6 22. Rfd1 a6 23. Qa4 ({Íå ïîìîãàåò è ïåðåõîä â ýíäøïèëü:
} 23. Qd7 Qxd7 24. Rxd7 b5 25. Rc1 Rh6 26. Rc6 Nd8 27. Rc5 Nxf7 $19) 23... Rh4
$1 {Ðàçâèë ëàäüè - ñ÷èòàé âûèãðàë!} 24. Qa3+ Kxf7 25. Rac1 Qe7 26. Qb3 Rb4 {
Ïîòîìó «âûèãðàë», ÷òî ýòîé ðàçâèòîé ëàäü¸é ìîæíî ïðûãàòü ïî âñåé äîñêå!} 27.
Qf3+ Kg8 28. Re1 Qf7 29. Qd5 Re8 30. Rc3 Rb5 31. Qd6 Nf4 32. Rce3 Rxe3 33. fxe3
Nh5 34. Rf1 Nf6 35. e4 Qe8 36. Qc7 Qxe4 {È òîëüêî ñåé÷àñ, êîãäà ÷¸ðíûå
ôèãóðû íàä¸æíî çàùèù¸ííû, Ìîðîçåâè÷ êóøàåò âðàæåñêóþ ïåøå÷êó, ïîñëå ÷åãî
ñîïåðíèê ñðàçó æå ñäà¸òñÿ} 0-1

[Event "Russian Team Championship"]
[Site "Dagomys"]
[Date "2007.05.05"]
[Round "4"]
[White "IM Lysyj, Igor(RUS)"]
[Black "GM Morozevich, Alexander(RUS)"]
[Result "0-1"]
[WhiteElo "2590"]
[BlackElo "2762"]
[Annotator "Ëåáåäåâ Âàñèëèé"]
[PlyCount "88"]
[EventDate "2007.??.??"]

{Îïÿòü ñîïåðíèê ïðèìåíèë ïðîòèâ Ìîðîçåâ÷èà «êðèâîé» âàðèàíò. Ðåçóëüòàò
ïîëó÷èëñÿ ëåãêî ïðîãíîçèðóåìûì.} 1. d4 Nf6 2. c4 g6 3. Nc3 d5 4. cxd5 Nxd5 5.
Na4 {Õîä, êîíå÷íî, ïðîèçâîäèò íåñêîëüêî ñòðàííîå âïå÷àòëåíèå. Îäíàêî,
âî-ïåðâûõ, ýòî ôèðìåííûé âàðèàíò Èãîðÿ Ëûñîãî. À âî-âòîðûõ, è äðóãèå õîðîøèå
øàõìàòèñòû òàê èãðàþò.} Bg7 (5... Nb6 6. e4 e5 7. Nxb6 axb6 8. d5 c6 9. Nf3
Bg4 10. Bc4 Bb4+ 11. Kf1 b5 12. Bb3 c5 13. Bh6 c4 14. Bc2 Nd7 15. a4 Qf6 16. h3
Bxf3 17. Qxf3 Qh4 18. Be3 Bc5 19. g3 Qe7 20. Bh6 Ra6 21. Qg4 Bd4 22. Kg2 b4 23.
Bd1 Qc5 24. Qe2 Ke7 25. Rc1 Rc8 26. b3 c3 27. Bc2 Qd6 28. h4 Kd8 29. h5 Kc7 30.
Rcf1 Kb8 31. Bc1 Re8 32. hxg6 hxg6 33. Rh7 Qe7 34. Bd3 Rd6 35. Bb5 Rc8 36. Qf3
Nf6 37. Bg5 Ka7 38. Rhh1 Rb6 39. Bd3 Rd6 40. Bc2 Rcd8 41. Rh7 Re8 42. Rfh1 Bb6
43. Rh8 Bd8 44. Be3+ Bb6 45. Bxb6+ Rxb6 46. Rxe8 Nxe8 47. Qe3 Ka6 48. a5 Rf6
49. Ra1 Qd8 50. Bd3+ b5 51. axb6+ Kb7 52. Ba6+ Kb8 53. Bb5 Qxb6 54. Qxb6+ Rxb6
55. Bxe8 Rb7 56. Kf3 {
1-0 Lysyj,I (2576)-Sasikiran,K (2700)/Moscow RUS 2007/The Week in Chess 641})
6. e4 Nb6 7. Be3 O-O 8. Nf3 Bg4 (8... Nxa4 9. Qxa4 c5 10. Rd1 Qb6 11. Rd2 Bd7
12. Qa3 cxd4 13. Nxd4 Qc7 14. Be2 e5 15. Rc2 Qd8 16. Nb5 Nc6 17. Nd6 Qb8 18.
Bc4 Nd4 19. Bxd4 exd4 20. O-O Be6 (20... b5 21. Bd5 Be5) 21. Bxe6 fxe6 22. Rfc1
Be5 23. Rc7 Bxd6 24. Qxd6 Rf7 25. Qxe6 {
1-0 Kortschnoj,V (2625)-Sutovsky,E (2595)/Dresden 1998/CBM 065/[Kortschnoj]})
9. Be2 Nxa4 10. Qxa4 c5 {
Áåç ýòîãî âûïàäà, êàê âû ïîíèìàåòå, «íîðìàëüíîãî» Ãðþíôåëüäà íå ïîëó÷àåòñÿ.
} 11. dxc5 Bxb2 12. Rb1 Bc3+ 13. Nd2 ({Îñòàâëÿòü ÷¸ðíûì äâóõ ñëîíîâ (} 13. Kf1
{) íå ñàìàÿ ëó÷øàÿ èäåÿ (Fahrner,K (2380) - Schachinger,M (2232)/Graz 2005/
EXT 2007 ). È òåïåðü, ñêîðåå âñåãî, ïîñëåäîâàëî áû} Nc6 $5) 13... Bxd2+ 14.
Bxd2 Bxe2 15. Kxe2 Nc6 $1 {Êîíå÷íî!} ({È òðóñëèâî è íåâåðíî áûëî áû} 15... Qc7
16. Qb5 b6 17. Rhc1 $1 {è åñëè} Qxh2 {, òî} 18. c6 $1) 16. Be3 ({
Ïðèíèìàòü æåðòâó ñòðàøíî:} 16. Rxb7 Nd4+ 17. Ke1 Qc8 $1 18. Rb4 (18. Rd7 e5)
18... e5 {, è êîìïåíñàöèÿ çà ïåøêó ó ÷¸ðíûõ òóò áîëåå, ÷åì äîñòàòî÷íàÿ.}) ({
Rybka «ïîäáðàñûâàåò» ïðîìåæóòî÷íîå} 16. Bh6 $5 {È ÷òî äåëàòü òåïåðü?  Åñëè}
Qd7 $5 {, òî} 17. Rhd1 (17. Bxf8 $4 Nd4+) 17... Qg4+ 18. Kf1 Rfd8 19. Be3 {
, è èãðà óñïîêàèâàåòñÿ}) ({Ïîýòîìó (ïîñëå} 16. Bh6 $5 {
) èãðàåì â ñòèëå «òîëüêî âïåð¸ä» -} Nd4+ $5 {Áåëûå îòâå÷àþò òåì æå:} 17.
Ke3 $5 (17. Kf1 b5 $1) (17. Ke1 e5 18. Bxf8 $2 Qh4) 17... e5 $1 {
Êîíü â öåíòðå âàæíåå êàêîé-òî òàì ëàäüè.} 18. Rxb7 (18. Bxf8 Qg5+ {ñ àòàêîé}) {
È òåïåðü, âèäèìî, íàäî ïðîäîëæàòü íå îáðàùàòü âíèìàíèå íà ìàòåðèàë:} 18... Qh4
({âåäü åñëè} 18... Re8 {, òî} 19. h4 {è äàëåå} Re7 20. c6 Rxb7 21. cxb7 Rb8 22.
Rc1 Rxb7 23. Qa5 $1 {è ò.ä.}) ({à â ñëó÷àå} 18... Qc8 19. Bxf8 Qxb7 20. Bd6
Qb2 21. Qc4 {, ïîõîæå, ÷òî íóæíî îáúÿâëÿòü âå÷íûé øàõ:} Nc2+ 22. Kf3 Nd4+ {
è ò.ä.}) {Õîòÿ è çäåñü äåëî ìîæåò çàêîí÷èòüñÿ ñèìïàòè÷íûì âå÷íûì øàõîì:} 19.
Bxf8 Qg5+ $1 20. Kd3 ({åñëè} 20. f4 $5 {, òî} Qxf4+ 21. Kd3 Rxf8 22. Qb4 Qg4 $1
) 20... Qxg2 21. Bd6 Qf3+ 22. Kc4 Qxe4 23. Qd7 Qe2+ 24. Kd5 Qf3+ 25. Kc4 Qe2+)
16... Qc7 17. g3 {Ïðîìåäëåíèå? Îñëàáëåíèå? Âèäèìî, è òî, è äðóãîå.} ({
Áûñòðåéøåå çàíÿòèé îòêðûòûõ ëèíèé ïóò¸ì} 17. Rhd1 $5 {êàæåòñÿ áûëî ëó÷øèì (}
Qxh2 18. Rxb7 {).}) 17... Rad8 18. Rhd1 Qc8 $1 ({Ïîñëå} 18... Rd7 {
ïðîèñõîäèëî îïëîìáèðîâàíèå ïîçèöèè, ïðè÷¸ì áûëî ýòî ê âûãîäå áåëûõ:} 19. Rd5
Rfd8 20. Rbd1 e6 21. Bf4 Qc8 22. Rxd7 Rxd7 23. Rd6 {è ò.ä.}) 19. Rxd8 {
Ðàçìåí ëàäåé â ýòîì ïîëîæåíèè, êàê îêàçàëîñü, îòíþäü íå ïðåäâåñòíèê áûñòðîé
íè÷üåé.} ({Âñ¸-òàêè ïðàâî âûñòóïêè â øàõìàòàõ çíà÷èò ìíîãî. Êàê ýòî íè
ñòðàííî, äàæå òåïåðü - ïîñëå âñåõ áåëûõ «âûêðóòàñîâ» è ÷¸ðíîãî «êðåàòèâà»,
áûëà âîçìîæíîñòü âñ¸ åùå ñîõðàíÿòü ðàâíîâåñèå:} 19. Rd5 $5 Rxd5 20. exd5 Qf5
21. Rd1 Ne5 22. h4 $1 Qf3+ 23. Ke1 {ïîä áîåì ÷¸ðíûå ïåøêè íà ôåðçåâîì ôëàíãå,
ãîòîâà ê ìàðø-áðîñêó è öåíòðàëüíàÿ ïåøå÷íàÿ ãðóïïèðîâêà áåëûõ}) 19... Rxd8
20. Rd1 ({Ðàçóìååòñÿ, íå} 20. Kf3 Qh3 21. Rxb7 Ne5+ 22. Ke2 Qg4+ {.}) 20...
Rxd1 21. Qxd1 Qg4+ 22. f3 Qh3 23. Bf2 $6 ({
Íå öàðñêîå ýòî, êîíå÷íî, äåëî - ïåøêè èç òûëà çàùèùàòü, íî} 23. Qg1 $1 {
âèäèòñÿ áîëåå ñèëüíûì. Ïî÷åìó? Ïî ìíîãèì ïðè÷èíàì. Âî-ïåðâûõ, íå òåðÿåòñÿ
âàæíåéøàÿ, «êîðíåâàÿ» ïåøêà...}) 23... Qxh2 24. Qd7 Kg7 ({Îòíþäü íå òî÷íåå
} 24... Qg2 25. Qxb7 Nd4+ 26. Ke3 Qxf3+ 27. Kxd4 Qxf2+ {Äà, êîíå÷íî, è ïåøêà
à2 áü¸òñÿ ñ øàõîì, íî ìíîãî ëè ÷¸ðíûì ðàäîñòè ñ ýòîãî ïîñëå ïðèìåðíîãî} 28.
Kd5 Qxa2+ 29. Kc6 Qe6+ 30. Kb5 Qb3+ 31. Kc6 (31. Ka6 Qa4#) 31... Qxg3 32. Qxe7
{è ò.ä.?}) 25. Qxb7 Nd4+ 26. Ke3 e5 {
À òåïåðü ñêàæèòå, íà ñêîëüêî êîíü íà d4 ñèëüíåå íåäîðàçóìåíèÿ íà f2?} 27. Qe7
$2 {Íå òóäà! Ñëèøêîì óæ íàïëåâàòåëüñêè îòíîñÿòñÿ áåëûå ê ñâîåìó êîðîëþ.} ({
Ïîñëå} 27. Qb1 $1 {ïåøêó íà f3 óäàëîñü áû çàùèòèòü.}) 27... Qh5 28. g4 Qh2 {
Ãðîçèò íè ìíîãî íè ìàëî, à ñàìûé íàòóðàëüíûé ìàò!} 29. Kd3 {Åäèíñòâåííûé îòâåò.
} Ne6 ({Ïëîõî} 29... Qxf2 $2 30. Qxe5+ {ñ âå÷íûì øàõîì}) ({À îòñêîê} 29... Nc6
{êàæåòñÿ ïðèâëåêàòåëüíûì òîëüêî íà ïåðâûé âçãëÿä:} 30. Qd6 Qxf2 31. Qxc6 Qxf3+
32. Kc4 Qxg4 33. Qd5 {
, è ïðîõîäíàÿ «ñ» - íåïðåêðàùàþùàÿñÿ ãîëîâíàÿ áîëü ÷¸ðíûõ.}) 30. Be3 Qxa2
31. g5 ({Íå âûðó÷àåò ïîïûòêà ðàçûãðàòü ñâîé ãëàâíûé êîçûðü -} 31. Qd6 Qb3+ 32.
Ke2 Qc2+ 33. Ke1 ({ëåãêîôèãóðíûé ýíäøïèëü ïîñëå} 33. Qd2 Qxd2+ 34. Kxd2 Kf6 {
êàæåòñÿ áåçíàä¸æíûì äëÿ áåëûõ}) 33... Qc3+ 34. Ke2 a5 {
, è ïåøêà ïîñòåïåííî äâèãàåòñÿ äàëüøå.}) 31... Qb3+ 32. Kd2 Qb2+ 33. Kd3 a5 34.
c6 (34. Qf6+ {- ýòî òîëüêî îäèí øàõ, áåç ïðîäîëæåíèÿ è áåç ïîñëåäñòâèé, êàê
âîçäóøíûé ïîöåëóé.}) 34... Qb5+ 35. Kd2 a4 $1 {
Î, äà! Ðàçóìååòñÿ, «äâèãàòüñÿ äàëüøå» (  ÁÃ).} ({Ñëàáî,} 35... Qxc6 36. Qf6+
Kg8 37. Qxe5 {
è ò.ä. Òî åñòü, ÷åì ÷¸ðò íå øóòèò, ìîæåò è óáåãóò òóò áåëûå íà íè÷üþ})
36. f4 $4 {Ïîñëå ýòîãî - âñ¸: àìáà, êàþê è äð. È äðóãèå ñëîâà èç ýòîãî
ñìûñëîâîãî ðÿäà.  Íî êàê ïðàâèëüíî çàìåòèë åù¸ À.À.Àëåõèí, ñêîëüêî æå íàäî
ñîâåðøèòü îøèáîê, ÷òîáû ïðîèãðàòü ïàðòèþ. Ïîõîæå, ÷òî è çäåñü åù¸ íå âñ¸ äëÿ
áåëûõ áûëî ïîòåðÿíî.} ({Áûë òàêîé õîä êàê} 36. Bc5 $3 {
Áèòü ýòîãî ñëîíà, êîíå÷íî æå, íåëüçÿ:} Qxc5 (36... Nxc5 37. Qf6+ Kg8 38. Qd8+
Kg7 $11) 37. Qxc5 Nxc5 38. c7 a3 39. c8=Q a2 40. Qd8 $1 ({êîíå÷íî, íå} 40. Qa8
$4 a1=Q $1 41. Qxa1 Nb3+ 42. Kc2 Nxa1+ 43. Kb2 h5) ({à ïîñëå} 40. Qxc5 a1=Q {
ó áåëûõ - ïðîáëåìû}) 40... a1=Q (40... Ne6 $4 41. Qf6+ Kg8 42. Qxe5) 41. Qf6+
Kg8 42. Qd8+ {- íè÷üÿ!}) ({À åñëè (ïîñëå} 36. Bc5 $3 {)} Qxc6 {, òî} 37. Bd6
Kg8 38. Bxe5 Qb6 39. Qf6 {Äà, ó ÷¸ðíûõ âñ¸ åùå ëèøíÿÿ ïåøêà, íî ïîëå
ïðåâðàùåíèÿ ýòîé ëèøíåé ïåøêîé êîíòðîëèðóåòñÿ âñåìè íàëè÷íûìè ñèëàìè áåëûõ}) (
{È, çíà÷èò, (ïîñëå} 36. Bc5 $3 {) , íàäî èãðàòü Ã)} h5 $1 {íå òîëüêî äëÿ òîãî,
÷òîáû íå áûëî îáèäíî ïåøêàì êîðîëåâñêîãî ôëàíãà, íî åù¸ è ïîòîìó, ÷òî ýòî -
ëó÷øåå ïðîäîëæåíèå.} 37. gxh6+ Kxh6 38. Ba3 $3 Qxc6 ({åñëè èãðàòü «àêòèâíî»
} 38... Nd4 {, òî ïîëó÷àåòñÿ âå÷íûé øàõ:} 39. Qf8+ Kg5 40. Be7+ Kf4 41. Qh6+
Kg3 42. Qh4+ Kxf3 43. Qh1+ {è ò.ä.}) 39. Qxf7 Qb6 40. Qf6 Qd8+ 41. Qxd8 Nxd8 {
È âñ¸ çàâèñèò îò îöåíêè ýòîãî ýíäøïèëÿ. Ó ÷¸ðíûõ, ðàçóìååòñÿ, øàíñû íà ïîáåäó
òóò åñòü. Íî ïðåäñòîÿëà áîðüáà...}) {Ïîñëå æå õîäà â ïàðòèè âñ¸ êîí÷åíî:} 36...
Qb2+ 37. Kd1 exf4 {. Óæå ïëþñ äâå.} 38. Bc1 (38. Bc5 Qa1+ 39. Kc2 Qe5 {è ò.ä.}
) 38... Qd4+ 39. Ke1 Qxe4+ {. Ñêîëüêî ëèøíèõ ïåøåê? ß óæå ñáèëñÿ ñî ñ÷¸òà...}
40. Kd1 Qf3+ 41. Ke1 Qc3+ 42. Kd1 f3 43. Bd2 Qa1+ 44. Kc2 f2 {
Ïîáåäíàÿ òî÷êà! Êàê áû «æåðòâà» ôåðçÿ. ;)} 0-1